Регионална библиотека "Любен Каравелов" - Русе

Аграрната реформа (Запис номер 27379)

MARC детайли
000 -Лидер
Контролно поле с фиксирана дължина 02017nam a2200445 c 4500
003 - Код на организацията, давaща контролен номер
Контролно поле BLK
005 - Дата и час на последна редакция
Контролно поле 20250127095115.0
008 - Елементи от данни с фиксирана дължина
fixed length control field 180413b bul|||||r ||||||| ||bul||
010 ## - Наследен системен номер
LC control number KNG00029960000
020 ## - Международен стандартен номер на книга ISBN
Международен стандартен номер на книга ISBN 954-8701-22-7
040 ## - Източник на каталожния запис
Идентификатор на билиотеката - собственик на записа BLK
041 ## - Код за език
Код за езика на текст/звукозапис или на отделно заглавие Български
Код за езика КДБФ Български
072 #7 - Код за тематичната категория
Код организация bullib
Код за тематична категория К
Текст Краезнание
080 ## - УДК
Текстов определител УДК Поземлена реформа
УДК код - определител по УДК 332.021.8
УДК определител :63(497.2)
УДК - код + определител 332.021.8:63(497.2)
080 ## - УДК
Текстов определител УДК Селското стопанство като стопански отрасъл. Икономика на селското стопанство
УДК код - определител по УДК 338.43
УДК определител (497.2)
УДК - код + определител 338.43(497.2)
100 1# - Редна дума - Автор
Автор Хорозов, Крум Кънчев
Дати, свързани с автора 1925-2017
Авторска отговорност първи автор
R(LIN) 366025
139 ## - Редно поле
Редна дума Хорозов, Крум Кънчев
Авторски знак Хоро - Х 69
245 10 - Сведения за заглавието
Заглавие Аграрната реформа
Подзаглавни данни Пътища и безпътица на земеделието в България 1944-1999 : Дописки, статии, интервюта
Редно поле (дума) Крум Кънчев Хорозов; предг. от Янко Иванов Енчев.
260 ## - Област на издателските данни
Име на издателя, разпространителя и проч. Денница
Година на издаване 1999
Печатница София : График амат
300 ## - Физическа характеристика
Страници 136 с.
Илюстрации и др. с портр., факс.
Размери/Мащаб 20 см
380 ## - Жанр
Жанр Обществени науки
500 ## - Общи забележки
Забележка Съдържа и кратки биогр. данни за авт.
650 #4 - Допълнително описание по предмет – тема
Основно описание – тема или топоним Аграрни реформи
9 (RLIN) 267222
650 #7 - Допълнително описание по предмет – тема
Основно описание – тема или топоним България - аграрна политика
Източник на редна или ключова дума
9 (RLIN) 146452
650 #4 - Допълнително описание по предмет – тема
Основно описание – тема или топоним Селско стопанство - България
9 (RLIN) 269258
651 #4 - Допълнително описание по предмет - топоним
Географско понятие България
9 (RLIN) 241624
653 ## - Ключова дума – ненормативна
Ключова дума земеделие
653 ## - Ключова дума – ненормативна
Ключова дума селско стопанство
653 ## - Ключова дума – ненормативна
Ключова дума аграрна политика
659 ## - Тематичен бюлетин
Тематичен бюлетин К
700 1# - Други автори (авторска отговорност)
Лично име Енчев, Янко Иванов
Автороска отговорност (Описва отношението между автора и произведението) предг. от
9 (RLIN) 366223
852 ## - Местоположение
Форматна сигнатура Цб 202963
852 ## - Местоположение
Форматна сигнатура К 33(497.2)/Х 69 К
856 4# - Електронен адрес и достъп
Електронен формат pdf - файл
Път до файла /url/
856 4# - Електронен адрес и достъп
Електронен формат pdf - файл
Път до файла /url/
999 ## - СИСТЕМНИ КОНТРОЛНИ НОМЕРА
Koha biblionumber 27379
Koha biblioitemnumber 27379
942 ## - АРТИКУЛИ
Вид на библиотечния материал Книги
Скрит в OPAC Не
Периодичен библиозапис Да
944 ## - СЪЗДАВАНЕ И РЕДАКЦИЯ на ЗАПИСА
Създаване/Редакция Създаване
Дата на регистрацията/редакция 15.01.2003
Служител, извършил регистрацията/редакцията 30560
Статус, дата на статуса Геновева Генчева
944 ## - СЪЗДАВАНЕ И РЕДАКЦИЯ на ЗАПИСА
Създаване/Редакция Редакция
Дата на регистрацията/редакция 28.05.2014
999 ## - СИСТЕМНИ КОНТРОЛНИ НОМЕРА
Koha biblioitemnumber 27379
Наличности
Код за отписване Код за изгубен артикул Източник на класификационната схема Код за повреда Коз за рестрикции Код за отдаване Артикулен № Име на библиотеката - собственик Име на библиотеката, в която се намира в момента Статус (Текущо местоположение) Дата на вписване в системата Местоположение - отдел Цена в лева Инвентарен номер Систематично азбучна сигнатура Баркод Номер на екземпляра Цена в евро Служебна бележка Служебен тип на артикула
  Не е изгубен Universal Decimal Classification Не е повреден без рестрикции ползва се в читалня 44226 Регионална библиотека "Любен Каравелов" Русе Регионална библиотека "Любен Каравелов" Русе Хранилище 2001-01-01 Основен фонд - ползва се само за читалня 3.50 652172 Цб 202963 120000652172 1 1.79 Дост: DA Вид: А N: стар фонд Дата: 01.01.1999 Книги
  Не е изгубен Universal Decimal Classification Не е повреден без рестрикции ползва се в читалня 44227 Регионална библиотека "Любен Каравелов" Русе Регионална библиотека "Любен Каравелов" Русе Краезнание 2001-01-01 Краезнание 3.50 652173 К 33(497.2)/Х 69 К 120000652173 2 1.79 Дост: DA Вид: А N: стар фонд Дата: 01.01.1999 Дата инв: 09.11.2017 Бележки инв: К2017 Книги
Vip Innovations Ltd, Rousse, Bulgaria 2025